=LDR 00000nam 2200000 4500 =001 INLIS000000000001130 =005 20230330110514 =035 ##$$a 0010-0323000253 =007 ta =008 230330################f##########0###### =020 ##$$a - =082 ##$$a 658. 30 =084 ##$$a 658. 30 BAD p =245 1#$$a Petunjuk Teknis tentang Pengolahan LHP Intern, Pengolahan LHP Ekstern, Mekanisme dan Prosedur Pengawasan Melekat : $b Gerakan Keluarga Berencana Nasional /$c Badan Koordinasi Keluarga Berencana Nasional (BKKBN) =250 ##$$a - =260 ##$$a Jakarta :$b Badan Koordinasi Keluarga Berencana Nasional (BKKBN),$c 1991 =300 ##$$a vi, 36 halaman : $b Ilustrasi ; $c 20,5 cm$e - =650 #4$$a LHP - Intern =650 #4$$a LHP - Ekstern =110 2#$$a Badan Koordinasi Keluarga Berencana Nasional (BKKBN) =520 ##$$a Buku petunjuk ini disusun sebagai pegangan bagi aparat pengawasan disemua tingkatan dalam meningkatkan fungsi dan peranannya sebagai pusat monitoring, pembinaan dan pengembangan pengawasan melekat. serta dapat dipantaunya pelaksanaan pemeriksaan Gerakan KB Nasional di daerah.